High-Speed CMOS Data : (Record no. 189185)
[ view plain ]
| 000 -LEADER | |
|---|---|
| fixed length control field | 00584 a2200157 4500 |
| 003 - CONTROL NUMBER IDENTIFIER | |
| control field | Nust |
| 005 - DATE AND TIME OF LATEST TRANSACTION | |
| control field | 20221229104728.0 |
| 040 ## - CATALOGING SOURCE | |
| Transcribing agency | Nust |
| 082 ## - DEWEY DECIMAL CLASSIFICATION NUMBER | |
| Classification number | 621.395,MOT |
| 245 ## - TITLE STATEMENT | |
| Title | High-Speed CMOS Data : |
| Remainder of title | Logic Integrated Circuits Division / |
| 260 ## - PUBLICATION, DISTRIBUTION, ETC. | |
| Name of publisher, distributor, etc. | Motorola |
| Place of publication, distribution, etc. | USA |
| Date of publication, distribution, etc. | 1993. |
| 300 ## - PHYSICAL DESCRIPTION | |
| Extent | various paging |
| 505 ## - FORMATTED CONTENTS NOTE | |
| Formatted contents note | Alphanumeric Index (Page-1-1), Function Selector Guide (Page-2-1), Definitions and Glossary of Terms (Page-3-1), Design Considerations (Page-4-1), Data Sheets (Page-5-1), Package Dimensions (Page-6-1). |
| 650 ## - SUBJECT ADDED ENTRY--TOPICAL TERM | |
| Topical term or geographic name entry element | High-Speed CMOS Data |
| 9 (RLIN) | 106316 |
| 942 ## - ADDED ENTRY ELEMENTS (KOHA) | |
| Source of classification or shelving scheme | |
| Koha item type | Book |
| Withdrawn status | Lost status | Source of classification or shelving scheme | Damaged status | Not for loan | Permanent Location | Current Location | Shelving location | Date acquired | Full call number | Barcode | Date last seen | Price effective from | Koha item type | Public note |
|---|---|---|---|---|---|---|---|---|---|---|---|---|---|---|
| Military College of Signals (MCS) | Military College of Signals (MCS) | General Stacks | 12/12/2016 | 621.395,MOT | MCS34956 | 12/08/2016 | 12/12/2016 | Book | Almirah No.40, Shelf No.4 | |||||
| Military College of Signals (MCS) | Military College of Signals (MCS) | General Stacks | 12/12/2016 | 621.395,MOT | MCS34963 | 12/08/2016 | 12/12/2016 | Book | Almirah No.40, Shelf No.4 | |||||
| Military College of Signals (MCS) | Military College of Signals (MCS) | General Stacks | 12/12/2016 | 621.395,MOT | MCS34968 | 12/08/2016 | 12/12/2016 | Book | Almirah No.40, Shelf No.4 |
